<?xml version="1.0" encoding="UTF-8"?>
<collection xmlns="http://www.loc.gov/MARC21/slim">
<record>
  <controlfield tag="001">234816</controlfield>
  <controlfield tag="005">20221218173023.0</controlfield>
  <datafield tag="024" ind1="7" ind2=" ">
    <subfield code="a">G:(DE-Ds200)BMBF-02NUK054A</subfield>
    <subfield code="d">BMBF-02NUK054A</subfield>
  </datafield>
  <datafield tag="035" ind1=" " ind2=" ">
    <subfield code="a">G:(DE-Ds200)BMBF-02NUK054A</subfield>
  </datafield>
  <datafield tag="150" ind1=" " ind2=" ">
    <subfield code="a">Verbundprojekt VERCHROMT II: Erkennung, Verarbeitung und biologische Konsequenzen von Chromatinschäden nach Teilchenbestrahlung II, Teilprojekt A</subfield>
  </datafield>
  <datafield tag="450" ind1=" " ind2=" ">
    <subfield code="a">02NUK054A</subfield>
    <subfield code="w">d</subfield>
    <subfield code="y">2020-01-01 - 2023-12-31</subfield>
  </datafield>
  <datafield tag="980" ind1=" " ind2=" ">
    <subfield code="a">G</subfield>
  </datafield>
  <datafield tag="980" ind1=" " ind2=" ">
    <subfield code="a">AUTHORITY</subfield>
  </datafield>
  <datafield tag="510" ind1="1" ind2=" ">
    <subfield code="0">I:(DE-588b)5309538-8</subfield>
    <subfield code="a">Bundesministerium für Bildung und Forschung</subfield>
    <subfield code="b">BMBF</subfield>
  </datafield>
  <datafield tag="909" ind1="C" ind2="O">
    <subfield code="o">oai:juser.fz-juelich.de:916129</subfield>
    <subfield code="p">authority:GRANT</subfield>
    <subfield code="p">authority</subfield>
  </datafield>
  <datafield tag="909" ind1="C" ind2="O">
    <subfield code="o">oai:juser.fz-juelich.de:916129</subfield>
  </datafield>
</record>
</collection>